Distributed and parallel systems : (Record no. 11442)
[ view plain ]
| 000 -LEADER | |
|---|---|
| fixed length control field | 01277nam a22003255a 4500 |
| 001 - CONTROL NUMBER | |
| control field | 15369233 |
| 005 - DATE AND TIME OF LATEST TRANSACTION | |
| control field | 20080716141530.0 |
| 008 - FIXED-LENGTH DATA ELEMENTS--GENERAL INFORMATION | |
| fixed length control field | 080716s2008 nyu 000 0 eng |
| 010 ## - LIBRARY OF CONGRESS CONTROL NUMBER | |
| LC control number | 2008933304 |
| 020 ## - INTERNATIONAL STANDARD BOOK NUMBER | |
| International Standard Book Number | 9780387794471 (hardcopy : alk. paper) |
| 020 ## - INTERNATIONAL STANDARD BOOK NUMBER | |
| International Standard Book Number | 9780387794488 (ebk.) |
| 020 ## - INTERNATIONAL STANDARD BOOK NUMBER | |
| International Standard Book Number | 9780387794488 (ebk.) |
| 020 ## - INTERNATIONAL STANDARD BOOK NUMBER | |
| International Standard Book Number | 0387794484 (ebk.) |
| 040 ## - CATALOGING SOURCE | |
| Original cataloging agency | DLC |
| Transcribing agency | DLC |
| 050 ## - LIBRARY OF CONGRESS CALL NUMBER | |
| Classification number | 22 |
| Item number | 004.36 |
| 082 ## - DEWEY DECIMAL CLASSIFICATION NUMBER | |
| Edition number | 22 |
| Classification number | 004.36 |
| Item number | DIS |
| 245 10 - TITLE STATEMENT | |
| Title | Distributed and parallel systems : |
| Remainder of title | In focus: Desktop grid computing / |
| Statement of responsibility, etc | Edite by Peter Kacsuk, Robert Lovas, Zsolt Nemeth. |
| 260 ## - PUBLICATION, DISTRIBUTION, ETC. (IMPRINT) | |
| Place of publication, distribution, etc | New York, NY ; |
| Name of publisher, distributor, etc | [London] : |
| Date of publication, distribution, etc | c2008. |
| 300 ## - PHYSICAL DESCRIPTION | |
| Extent | x, 206 p.: |
| Other physical details | ill.; |
| Dimensions | 24 cm. |
| 504 0# - BIBLIOGRAPHY, ETC. NOTE | |
| Bibliography, etc | Includes bibliographical references and index. |
| 650 1# - SUBJECT ADDED ENTRY--TOPICAL TERM | |
| Topical term or geographic name as entry element | Electronic data processing |
| Form subdivision | Congresses. |
| General subdivision | Distributed processing |
| 9 (RLIN) | 4366 |
| 650 1# - SUBJECT ADDED ENTRY--TOPICAL TERM | |
| Topical term or geographic name as entry element | Parallel systems |
| 9 (RLIN) | 4366 |
| 650 1# - SUBJECT ADDED ENTRY--TOPICAL TERM | |
| Topical term or geographic name as entry element | Computational grids (Computer systems) |
| 9 (RLIN) | 4366 |
| 700 1# - ADDED ENTRY--PERSONAL NAME | |
| Personal name | Kacsuk, Peter. |
| 9 (RLIN) | 4367 |
| 700 1# - ADDED ENTRY--PERSONAL NAME | |
| Personal name | Kacsuk, Peter. |
| 9 (RLIN) | 4367 |
| 700 1# - ADDED ENTRY--PERSONAL NAME | |
| Personal name | Nemeth, Zsolt |
| 9 (RLIN) | 4368 |
| 942 ## - ADDED ENTRY ELEMENTS (KOHA) | |
| Source of classification or shelving scheme | Dewey Decimal Classification |
| Item type | Book - Borrowing |
| Withdrawn status | Item status | Source of classification or shelving scheme | Damaged status | Not for loan | Vendor | Home library | Current library | Shelving location | Date acquired | Source of acquisition | Cost, normal purchase price | Serial Enumeration / chronology | Total Checkouts | Full call number | Barcode | Date last seen | Date last borrowed | Koha item type |
|---|---|---|---|---|---|---|---|---|---|---|---|---|---|---|---|---|---|---|
| Dewey Decimal Classification | Baccah | Central Library | Central Library | Lower Floor | 27/04/2009 | 1528.00 | 7073 | 1 | 004.36 DIS | 000015572 | 15/07/2025 | 20/07/2009 | Book - Borrowing |